Statistiken für Top 15 der betroffenen Covid-19-Länder - 2. Dezember

Klicken Sie hier um das Quiz zu spielen!

Allgemein

  • Dieses Quiz wurde 19 mal gespielt
  • Das Durchschnittsergebnis liegt bei 15 aus 27

Antwortstatistiken

Land% Korrekt
Deutschland
100%
Brasilien
95%
Italien
95%
Russland
95%
Vereinigte Staaten
95%
Frankreich
89%
Spanien
89%
Indien
84%
Mexiko
84%
Vereinigtes Königreich
74%
Polen
68%
Argentinien
63%
Kolumbien
63%
Iran
58%
Schweiz
58%
Belgien
47%
Peru
47%
Tschechien
32%
Bahrain
26%
Katar
26%
Kuwait
26%
Kroatien
21%
Panama
16%
Armenien
11%
Israel
11%
Slowenien
5%
Georgien
0%

Verteilung der Resultate

Perzentil nach korrekt beantworteten Fragen

Anzahl Personen mit jedem Resultat

Ihre Resultats-Entwicklung

Sie haben dieses Quiz noch nicht gespielt